[Event "Honefoss CC-ch"]
[Site "Honefoss"]
[Date "2016.04.04"]
[Round "5"]
[White "Gundersen, Arvid"]
[Black "Thingstad, Tormod"]
[Result "1/2-1/2"]
[WhiteElo "1326"]
[BlackElo "1200"]
[PlyCount "129"]
[EventDate "2016.02.20"]
[EventType "swiss"]
[EventRounds "9"]
[EventCountry "NOR"]
[SourceTitle "EXT 2024"]
[Source "ChessBase"]
[SourceDate "2023.10.10"]
[SourceVersion "1"]
[SourceVersionDate "2023.10.10"]
[SourceQuality "1"]

1. d4 d5 2. c4 e6 3. Nc3 Nf6 4. cxd5 exd5 5. Bg5 Be7 6. e3 0-0 7. Bd3 Re8 8. Qc2 Nbd7 9. Nge2 c6 10. 0-0 Nf8 11. f3 h6 12. Bh4 b6 13. Bf2 c5 14. dxc5 bxc5 15. b3 Bb7 16. Rac1 Rc8 17. Rfd1 a6 18. Ng3 Ne6 19. Nf5 Kf8 20. Qb1 Rc7 21. Rc2 Qa8 22. Na4 Rc6 23. Rdc1 Nd7 24. Qb2 Bf6 25. Qa3 Rec8 26. Nc3 R6c7 27. Nd6 Rd8 28. Nxb7 Qxb7 29. Qxa6 Qxa6 30. Bxa6 Ra8 31. Bf1 Bxc3 32. Rxc3 Rxa2 33. Bg3 Rca7 34. Bb5 Ke7 35. Bh4+ f6 36. Bg3 Rb2 37. Bc6 Raa2 38. Bxd5 Rxg2+ 39. Kh1 g5 40. f4 Rgd2 41. Bc4 Ng7 42. fxg5 hxg5 43. Rd3 Nf5 44. Rxd2 Rxd2 45. Be1 Rd6 46. b4 Nxe3 47. bxc5 Rd1 48. Rxd1 Nxd1 49. c6 Nb6 50. Be2 Ne3 51. Bf2 Ned5 52. Bg3 Nf4 53. Bxf4 gxf4 54. Kg2 Kd6 55. Bf3 Nc8 56. h4 Ne7 57. Kh3 Nxc6 58. Bxc6 Kxc6 59. Kg4 f3 60. Kxf3 Kd6 61. h5 Ke6 62. h6 Kf7 63. h7 Kg7 64. h8Q+ Kxh8 65. Kf4 1/2-1/2